| 000 | 02086cam a2200469 i 4500 | ||
|---|---|---|---|
| 001 | 768714001 | ||
| 003 | CO-MdFUSB | ||
| 005 | 20220622062542.0 | ||
| 007 | ta | ||
| 008 | 060918t2006 gaua b 001 0 eng | ||
| 020 | _a1573120677 | ||
| 020 | _a1573120723 | ||
| 020 | _a1573120618 | ||
| 020 | _a1573120642 | ||
| 020 | _a1573120650 | ||
| 020 | _a1573120693 | ||
| 020 | _a1573120723 | ||
| 040 |
_aDLC _beng _cCO-MdFUSB _dC#P _dYDXCP _dBTCTA _dOCLCG _dBAKER _dHEBIS _dOCLCQ _dXPQ _dOCLCO _dOCLCA _dOCLCQ _dOCLCA _dOCLCF _dFPD* _erda |
||
| 041 | _aeng | ||
| 082 |
_223 _a223.107 _bB183 |
||
| 100 | 1 |
_aBalentine, Samuel E. _d1950- |
|
| 245 | 1 | 0 |
_aThe Smyth & Helwys Bible commentary _c/ Biddle, Mark E …[y otros cinco autores] |
| 264 | 1 |
_aMacon, Ga. : _bSmyth and Helwys Publishing, _c[2006] |
|
| 264 | 4 | _c© 2006 | |
| 300 |
_a6 volumenes : _bilustraciones ; _c27 cm. _eCD ROOM |
||
| 336 |
_atexto _btxt _2rdacontent. |
||
| 337 |
_asin mediación _bn _2rdamedia. |
||
| 338 |
_avolumen _bnc _2rdacarrier. |
||
| 490 | _aThe Smyth & Helwys Bible commentary. | ||
| 505 | _aLevítico-Números (v. 3) / Lloyd R. Bailey -- Deuteronomio (v. 4) / Mark E. Biddle -- 1 y 2 Samuel (v. 7) / Tony W. Cartledge -- 1 y 2 Reyes (v 8) / Walter Brueggemann -- Job (v. 10) / Samuel E. Balentine -- Proverbios -- Eclesiastés (v. 12) / Milton P. Horne -- Isaías 1-39 (v. 14a) / Patricia K. Tull -- Jeremías (v. 15) / Terence E. Fretheim -- Ezequiel (v. 16) / Margaret S. Odell -- Daniel (v. 17) / Sharon Pace -- Oseas -- Jonás: el libro de los doce (v. 18a) / James D. Nogalski -- Miqueas -- Malaquías : el libro de los doce (v. 18b) / James D. Nogalski | ||
| 563 | _aPasta dura | ||
| 630 | 0 | 7 |
_aBiblia. _pAntiguo Testamento |
| 700 |
_96472 _aCartledge, Tony W. _eautor |
||
| 700 | 1 |
_9507 _aBrueggemann, Walter _d1933- _eautor |
|
| 700 |
_96473 _aBalentine, Samuel E. _eautor |
||
| 700 |
_96474 _aHorne, Milton P. _eautor |
||
| 700 |
_96475 _aFretheim, Terence E. _eautor |
||
| 700 |
_aBiddle, Mark E. _eautor _96494 |
||
| 942 | _cBK | ||
| 945 | _aJTF-925 | ||
| 999 |
_c67604 _d67604 |
||